Tamil oratory and the Dravidian aesthetic : (Record no. 53712)

MARC details
000 -LEADER
fixed length control field 01644nam a22003377a 4500
005 - DATE AND TIME OF LATEST TRANSACTION
control field 20110711140049.0
008 - FIXED-LENGTH DATA ELEMENTS--GENERAL INFORMATION
fixed length control field 110711t xxu||||| |||| 00| 0 eng d
010 ## - LCCN (DPL NO)
LC control number ENG-102971
020 ## - INTERNATIONAL STANDARD BOOK NUMBER
International Standard Book Number 9780198072355
Terms of availability 695.00
020 ## - INTERNATIONAL STANDARD BOOK NUMBER
International Standard Book Number 019807235x
Terms of availability 695.00
035 ## - SYSTEM CONTROL NUMBER
System control number EN-86504
037 ## - SOURCE OF ACQUISITION
Source of stock number/acquisition DBAD / PUB
040 ## - CATALOGING SOURCE
Original cataloging agency dpl
Language of cataloging English
082 ## - DEWEY DECIMAL CLASSIFICATION NUMBER
Classification number 808.0494811
100 ## - MAIN ENTRY--PERSONAL NAME
Personal name Bate, Bernard
9 (RLIN) 29416
245 ## - TITLE STATEMENT
Title Tamil oratory and the Dravidian aesthetic :
Remainder of title democratic practice in south India /
Statement of responsibility, etc by Bernard Bate
260 ## - PUBLICATION, DISTRIBUTION, ETC. (IMPRINT)
Place of publication, distribution, etc New Delhi
Name of publisher, distributor, etc Oxford University Press
Date of publication, distribution, etc 2011
270 ## - ADDRESS
Address YMCA Library Building, Jai Singh Road,
City New Delhi
Postal code 110001
300 ## - PHYSICAL DESCRIPTION
Extent xxiv, 263 p. :
Dimensions 24cm (Hb)
Other physical details ill., maps
500 ## - GENERAL NOTE
General note Includes bibliographical references and index
505 ## - FORMATTED CONTENTS NOTE
Formatted contents note The Dravidian proper -- The king's red tongue -- Walking utopia -- On life, moonlight, and jasmine -- Bhakti and the limits of apotheosis -- Kavitha's love -- Speech in the Kali Yugam.
650 ## - SUBJECT ADDED ENTRY--TOPICAL TERM
Topical term or geographic name as entry element Folk literature, Tamil
Geographic subdivision India
-- Madurai.
9 (RLIN) 29417
650 ## - SUBJECT ADDED ENTRY--TOPICAL TERM
Topical term or geographic name as entry element Epic poetry, Tamil
Geographic subdivision India
-- Madurai.
9 (RLIN) 29418
650 ## - SUBJECT ADDED ENTRY--TOPICAL TERM
Topical term or geographic name as entry element Speeches, addresses, etc., Tamil
Geographic subdivision India
-- Madurai
9 (RLIN) 29419
650 ## - SUBJECT ADDED ENTRY--TOPICAL TERM
Topical term or geographic name as entry element Tamil language|z Madurai
9 (RLIN) 29425
Geographic subdivision India
-- Madurai
General subdivision Rhetoric.
650 ## - SUBJECT ADDED ENTRY--TOPICAL TERM
Topical term or geographic name as entry element Politics and culture
Geographic subdivision India
-- Madurai.
9 (RLIN) 29426
650 ## - SUBJECT ADDED ENTRY--TOPICAL TERM
Topical term or geographic name as entry element Language and culture
Geographic subdivision India
-- Madurai.
9 (RLIN) 29427
651 ## - SUBJECT ADDED ENTRY--GEOGRAPHIC NAME
Geographic name Madurai (India)
General subdivision Politics and government.
9 (RLIN) 29420
942 ## - ADDED ENTRY ELEMENTS (KOHA)
Source of classification or shelving scheme Dewey Decimal Classification
Item type English Books
Call number suffix BAT
Classification part 808.0494811
Holdings
Withdrawn status Lost status Source of classification or shelving scheme Damaged status Not for loan Collection code Home library Current library Date acquired Source of acquisition Cost, normal purchase price Total Checkouts Full call number Barcode Date last seen Copy number Cost, replacement price Koha item type
    Dewey Decimal Classification   Not For Loan Non-fiction D.B.Act.Division D.B.Act.Division 11/07/2011 DBAD/PUB 695.00   808.0494811 BAT EN-86504 11/07/2011 1 695.00 English Books

© Delhi Public Library
Hit Counter
free hit counter